Strong Managers, Weak Owners <The> Political Roots of American Corporate Finance
Guardado en:
| Autor principal: | |
|---|---|
| Formato: | Libro |
| Lenguaje: | inglés |
| Publicado: |
Princeton
Princeton University Press
1994
|
| Edición: | 1. ed. |
| Materias: | |
| Etiquetas: |
Sin Etiquetas, Sea el primero en etiquetar este registro!
|
MARC
| LEADER | 00000nam a2200000 4500 | ||
|---|---|---|---|
| 001 | c019381 | ||
| 005 | 20221205141101.3 | ||
| 020 | |a 0-691-03683-7 | ||
| 041 | 0 | |a eng | |
| 044 | |a US | ||
| 245 | 1 | 0 | |a Strong Managers, Weak Owners |b <The> Political Roots of American Corporate Finance |c Mark J. Roe |
| 250 | |a 1. ed. | ||
| 264 | 1 | |a Princeton |b Princeton University Press |c 1994 | |
| 300 | |a 324 s. | ||
| 610 | 2 | 0 | |a financie |
| 610 | 2 | 0 | |a financie štátne |
| 610 | 2 | 0 | |a financie verejné |
| 610 | 2 | 0 | |a vlastníctvo štátne |
| 610 | 2 | 0 | |a banky |
| 610 | 2 | 0 | |a bankovníctvo |
| 610 | 2 | 0 | |a pôžičky štátne |
| 610 | 2 | 0 | |a dlhopisy |
| 610 | 2 | 0 | |a papiere cenné |
| 610 | 2 | 0 | |a kontrola finančná |
| 610 | 2 | 0 | |a politika finančná |
| 610 | 2 | 0 | |a financie podnikové |
| 100 | 1 | |a Roe, Mark J. | |